000 00959nam a2200253 i 4500
001 11936
003 ES-MaACL
005 20240314211846.0
007 t|
008 970113m1970 sp af b |||| | spa d
020 _a84-7025-147-3
080 _a015(460.15)
245 0 0 _aEnciclopedia general ilustrada del País Vasco.
_nCuerpo C,
_pEusko bibliographia /
_cpor Jon Bilbao.
246 3 0 _aEusko bibliographia
260 _aSan Sebastián :
_bAuñamendi,
_c1970-
300 _av. ([p.] de lám.) :
_bil. ;
_c28 cm.
505 8 _aContiene: v. I ;
_tA-Biblia - v. II ;
_tBiblio-Diana - v. III ;
_tDiar-Garriga - v. VII ;
_tPoyo-Topol - v. IX ;
_tSuplementum 1961-1975, Beitrèage-Izuzkia - v. X ;
_tSuplementum 1961-1975, J-Unión
650 4 _aBibliografías vascas.
_9161484
651 4 _aPaís Vasco-
_vBibliografías
_99147
700 1 _aBilbao, Jon.
_928864
710 2 _aAuñamendi.
_9161483
852 _aES-MaACL
_jJ-79
999 _c11936
_d11936